000 00498nam a2200181 i 4500
001 105398
003 ES-MaACL
007 t|
008 060705q19601969xxr ||||1| fre d
080 _a330.85
245 0 4 _aLes principes de marxisme-leninisme
_b: manuel.
250 _a2e éd.
260 _aMoscou :
_bEditions du Progrès,
_c[196-?]
300 _a742 p. ;
_c22 cm.
500 _aBiblioteca Juan Andrade.
650 1 4 _aMarxismo-leninismo.
_914808
852 _aES-MaACL
_jAND-194
_bR.109514
999 _c105398
_d105398